[Event "ROU-ch Men 2018"]
[Site "Olanesti"]
[Date "2018.05.18"]
[Round "5"]
[White "Deac, Bogdan-Daniel"]
[Black "Marin, Mihail"]
[Result "1/2-1/2"]
[WhiteElo "2575"]
[BlackElo "2543"]
[Annotator "TA"]
[PlyCount "84"]
[EventDate "2018.??.??"]
[EventType "swiss"]
[EventCountry "ROU"]
[SourceTitle "playchess.com"]
[Source "ChessBase"]
[SourceQuality "1"]

{[%evp 19,84,17,17,0,0,5,16,15,20,14,14,4,14,7,46,0,0,0,0,0,0,0,0,0,0,-78,-65,-93,-65,-83,-71,-93,-25,-45,-24,-28,-13,-15,-25,-21,-22,-35,0,0,0,0,0,-1,-6,-11,0,0,0,0,0,0,0,0,0,0,0,0,0,0,0,0,0]} 1. e4 e6 2. d4 d5 3. Bd3 c5 4. exd5 exd5 5. dxc5 Bxc5 6. Nf3 Nf6 7. O-O O-O 8. Nc3 Nc6 9. Bg5 Be6 10. Qd2 {C01: French: Exchange Variation} Re8 {LiveBook: 4 Games} 11. a3 h6 12. Bh4 Be7 13. Rfe1 a6 14. Rad1 Qb6 15. Qc1 $146 ({Predecessor:} 15. Na4 Qc7 16. Bg3 Bd6 17. Bxd6 Qxd6 {½-½ (42) Bures,J (2413)-Lounek,J (2428) ICCF email 2004}) 15... Rad8 16. h3 Rd7 17. Rd2 Nh5 18. Rxe6 fxe6 19. Bg6 Rf8 {[#] Threatens to win with ...Nf4.} 20. Bxh5 {And now Bg4 would win.} Rxf3 $1 21. Na4 Qa5 22. Bxf3 (22. Bxe7 $11 {remains equal.} Rf5 23. Bg4) 22... Bxh4 $17 23. Nc3 Re7 {White must now prevent ...Bg5.} 24. Qe1 Bf6 25. Rd1 Bxc3 (25... Qb6 $17 26. Rb1 Qc5) 26. bxc3 $11 Qxa3 {[#]} 27. c4 $1 {[%mdl 512]} Qc5 (27... dxc4 28. Bxc6) 28. cxd5 exd5 {[%cal Be6d5,Bd5d4][%mdl 32]} 29. Qd2 d4 30. Qd3 Qa5 31. Kf1 {The position is equal.} Qb5 (31... Qe5 {feels hotter.} 32. Bxc6 bxc6 33. Qxd4 Qe2+ 34. Kg1 Qxc2 35. Ra1 Re4) 32. Qxb5 axb5 33. Bxc6 bxc6 34. Rxd4 {[%mdl 4096] Endgame KR-KR} Re5 35. c4 Rc5 36. cxb5 cxb5 37. Ke2 Kf7 38. Rd6 Rc2+ 39. Ke3 Rc3+ 40. Ke4 Rc2 41. Ke3 Rc3+ 42. Ke4 Rc2 {Precision: White = 71%, Black = 51%.} 1/2-1/2

[Event "ROU-ch Men 2018"]
[Site "Olanesti"]
[Date "2018.05.18"]
[Round "5"]
[White "Szabo, Gergely-Andras-Gyul"]
[Black "Secheres, Adrian-Simion"]
[Result "1-0"]
[WhiteElo "2541"]
[BlackElo "2404"]
[Annotator "TA"]
[PlyCount "80"]
[EventDate "2018.??.??"]
[EventType "swiss"]
[EventCountry "ROU"]
[SourceTitle "playchess.com"]
[Source "ChessBase"]
[SourceQuality "1"]

{[%evp 26,80,28,18,11,25,12,12,17,17,20,33,25,22,47,39,55,48,96,87,77,83,101,62,63,48,81,74,75,75,121,145,168,180,190,193,894,860,1276,1010,2687,2187,5310,5310,5305,5289,5277,5273,29964,29964,29964,29963,29961,29960,29968,29969,29969]} 1. e4 c5 2. Nf3 Nc6 3. c3 d5 4. exd5 Qxd5 5. d4 cxd4 6. cxd4 e5 7. Nc3 Bb4 8. Be2 exd4 9. O-O Qd8 {B22: Sicilian: 2 c3} 10. Nb5 Nf6 11. Nfxd4 Nxd4 12. Qxd4 Qxd4 13. Nxd4 O-O 14. Bf3 {LiveBook: 3 Games} Rd8 15. Nb3 Bg4 $146 ({Predecessor:} 15... a5 16. Be3 Nd5 17. Bc5 {½-½ (25) Khamrakulov,I (2504)-Gaponenko,I (2458) Condom 2006}) 16. Bxb7 Rab8 17. Bf3 Bxf3 18. gxf3 a5 19. Bf4 Rb5 20. Rfd1 $36 {[%mdl 2048] White has good play.} Rbd5 21. Rxd5 Rxd5 22. Rc1 h6 23. Be3 Nd7 24. Kg2 Ne5 25. Nc5 Ng6 26. a3 Bxc5 27. Rxc5 $16 {[%mdl 4096] Endgame KRB-KRN} Nf4+ 28. Kg3 Ne2+ {[#]} 29. Kh3 $1 Rxc5 30. Bxc5 $18 {KB-KN} a4 $2 {[#]} (30... f5 31. Be3 Kf7) 31. Be3 $1 f5 32. Kg2 f4 33. Kf1 fxe3 34. Kxe2 exf2 35. Kxf2 {KP-KP} Kf7 36. Ke3 g5 37. Kd3 {White mates.} Ke6 {[#]} 38. b3 $1 {[%mdl 512]} axb3 39. Kc3 h5 40. h3 Kd5 {Precision: White = 79%, Black = 36%.} 1-0

[Event "ROU-ch Men 2018"]
[Site "Olanesti"]
[Date "2018.05.18"]
[Round "5"]
[White "Nevednichy, Vladislav"]
[Black "Pisu, Robert-Daniel"]
[Result "1-0"]
[WhiteElo "2532"]
[BlackElo "2254"]
[Annotator "TA"]
[PlyCount "73"]
[EventDate "2018.??.??"]
[EventType "swiss"]
[EventCountry "ROU"]
[SourceTitle "playchess.com"]
[Source "ChessBase"]
[SourceQuality "1"]

{[%evp 21,73,12,44,28,36,36,49,17,47,42,41,37,58,48,44,49,61,46,79,74,49,54,50,34,40,42,42,28,34,28,53,53,70,72,145,135,145,129,119,122,308,246,341,315,339,336,530,515,637,571,5917,5916,5002,1332]} 1. e4 e5 2. Nf3 Nc6 3. Bc4 Bc5 4. c3 Nf6 5. d4 exd4 6. e5 d5 7. Be2 Ne4 8. cxd4 Bb4+ 9. Bd2 Nxd2 10. Nbxd2 O-O 11. O-O Bg4 12. h3 {C54: Giuoco Piano: 4 c3 Nf6, main lines with 5 d4 and 5 d3} (12. Nb3 f6 13. a3 Be7 14. Re1 fxe5 15. dxe5 Qd7 16. Rc1 Nd8 17. Nfd4 Bxe2 18. Qxe2 c6 19. Rc3 Ne6 {1-0 (28) Szczepkowska,K (2377)-Vajda,S (2352) Budapest 2014}) 12... Bxf3 $146 ({Predecessor:} 12... Bh5 13. a3 Ba5 14. Nb3 Bb6 15. Rc1 f6 16. Rc3 Re8 17. Re1 Kh8 18. Nc5 Bxc5 19. Rxc5 fxe5 20. dxe5 Bf7 21. Bb5 {½-½ (22) Edenhaeuser,H (1277)-Bayer,M (1687) Heusenstamm 2015}) 13. Nxf3 Ba5 14. Rc1 {White is slightly better.} Bb6 15. Bb5 {[%cal Be2b5,Bb5d3,Bd3b1][%mdl 32]} Ne7 16. Bd3 Ng6 17. g3 Re8 18. Kg2 Nf8 19. Bb1 Ne6 20. Qd3 g6 21. h4 h5 22. Rcd1 Kg7 23. Rfe1 c6 24. Re2 Qe7 25. Qe3 Rad8 26. a3 Qf8 27. Ng5 Nxg5 (27... Kg8 $142) 28. hxg5 $16 {[%cal Bh4g5,Bg5f6][%mdl 32]} ({Much less strong is} 28. Qxg5 $6 Qe7 $14) 28... c5 29. Qf3 {Threatens to win with Qf6+.} Qe7 30. Qf6+ Qxf6 $2 (30... Kg8 $16) 31. gxf6+ $18 (31. exf6+ Kf8 $16) 31... Kf8 32. dxc5 Bxc5 33. f4 Bb6 {[#]} (33... Bd6 $142 34. Rxd5 Bc7) 34. g4 $1 {[%mdl 512] White is clearly winning.} d4 (34... hxg4 35. Kg3) 35. gxh5 d3 {[#]} 36. hxg6 $3 {[%mdl 512]} fxg6 {[#]} 37. Rxd3 {Precision: White = 79%, Black = 33%.} (37. Rh1 $142 $1 {[%mdl 512]} Rd6 38. Ba2 (38. exd6 Rxe2+ 39. Kf3 Kf7 $14) 38... Rxf6 39. Rh8+ Kg7 40. exf6+ Kxf6 41. Rexe8) 1-0

[Event "ROU-ch Men 2018"]
[Site "Olanesti"]
[Date "2018.05.18"]
[Round "5"]
[White "Georgescu, Tiberiu-Marian"]
[Black "Jianu, Vlad-Cristian"]
[Result "1/2-1/2"]
[WhiteElo "2476"]
[BlackElo "2532"]
[Annotator "TA"]
[PlyCount "42"]
[EventDate "2018.??.??"]
[EventType "swiss"]
[EventCountry "ROU"]
[SourceTitle "playchess.com"]
[Source "ChessBase"]
[SourceQuality "1"]

{[%evp 26,42,2,3,5,6,1,8,8,8,8,8,16,0,0,0,0,0,0]} 1. c4 e6 2. Nc3 d5 3. d4 Be7 4. Nf3 Nf6 5. g3 O-O 6. Bg2 dxc4 7. Ne5 Nc6 8. Bxc6 bxc6 9. Nxc6 Qe8 10. Nxe7+ Qxe7 11. Qa4 c5 12. dxc5 {E06: Closed Catalan: Early deviations} Qxc5 13. Be3 Qc7 14. Rd1 {LiveBook: 6 Games. The position is equal.} Bd7 15. Qa3 Nd5 16. Bd4 {[#]} Rfd8 $146 ({Predecessor:} 16... a5 17. Rd2 Nb4 18. O-O Qb7 19. Na4 Bxa4 20. Qxa4 {½-½ (45) Wei,Y (2696)-Nakamura,H (2787) Bilbao 2016}) 17. O-O Be8 18. Rd2 Nxc3 19. Qxc3 {Strongly threatening Be5.} f6 20. Rfd1 e5 21. Be3 Bf7 1/2-1/2

[Event "ROU-ch Men 2018"]
[Site "Olanesti"]
[Date "2018.05.18"]
[Round "5"]
[White "Anton, Teodor"]
[Black "Daianu, Cristian-Clement"]
[Result "1/2-1/2"]
[WhiteElo "2426"]
[BlackElo "2150"]
[Annotator "TA"]
[PlyCount "139"]
[EventDate "2018.??.??"]
[EventType "swiss"]
[EventCountry "ROU"]
[SourceTitle "playchess.com"]
[Source "ChessBase"]
[SourceQuality "1"]

{[%evp 11,139,25,31,14,8,26,10,-69,16,12,51,-55,14,-26,0,0,0,0,0,0,0,0,0,0,0,0,0,0,0,0,29,0,0,0,0,0,0,0,40,26,18,29,25,24,183,188,175,116,109,113,270,118,294,208,159,189,204,200,198,43,61,57,56,51,55,55,104,38,139,142,153,138,153,153,899,225,220,111,104,109,112,104,139,150,133,135,449,299,449,449,441,441,389,310,403,93,596,93,98,8,8,8,8,8,8,8,8,8,8,8,8,8,0,0,0,0,0,0,8,8,8,8,8,8,8,0,0,0,0,0]} 1. d4 Nf6 2. Nf3 g6 3. Nbd2 d5 4. e3 Bg7 5. b4 O-O 6. Bb2 {D02: 1 d4 d5 2 Nf3 sidelines, including 2...Nf6 3 g3 and 2...Nf6 3 Bf4} b6 {LiveBook: 27 Games} (6... Bf5 7. c4 c6 8. Be2 a5 9. bxa5 Qxa5 10. O-O Nbd7 11. a4 Ne4 12. cxd5 Nxd2 13. Nxd2 cxd5 {½-½ (38) Gelfand,B (2697)-Gupta,A (2610) Caleta 2018}) 7. a4 c5 8. dxc5 bxc5 9. b5 (9. bxc5 $11 Qa5 10. c4) 9... Bb7 (9... c4 $1 $15) 10. c4 $11 Nbd7 11. Be2 ({Only move:} 11. cxd5 $1 $14 Qa5 12. Bd3) 11... e5 $146 (11... d4 $1 $15) ({Predecessor:} 11... Qc7 12. cxd5 Nxd5 13. Bxg7 Kxg7 {1-0 (38) Pitzanti,M (2115)-Kyc,J (2238) Krakow 2017}) 12. Nxe5 (12. cxd5 $5 {[%cal Re3e4]} e4 13. Ng5 $11) 12... Nxe5 (12... d4 $5 13. Nc6 (13. exd4 cxd4 14. Nc6 Bxc6 $11) 13... Bxc6 14. bxc6 Ne5 $11) 13. Bxe5 Re8 14. Bb2 d4 15. O-O dxe3 16. fxe3 Rxe3 17. Bf3 Rb8 {[%cal Ba8b8,Bb8b7,Bb7d7][%mdl 32] And now ...Rd3 would win.} 18. Bxb7 Rxb7 19. Nf3 $1 Rd7 20. Qc2 Nh5 21. Bxg7 Nxg7 22. Rad1 Nf5 {Hoping for ...Rxf3!} 23. Rxd7 Qxd7 24. a5 Ra3 25. Rd1 $36 {[%mdl 2048] White is more active.} Qe7 26. Re1 Re3 27. Qd2 {Strongly threatening Rxe3.} Qe4 $2 (27... Re4 $11) 28. Rxe3 $1 $18 Nxe3 29. Qe2 ({Better is} 29. Qe1 $18) 29... Qb1+ $16 30. Kf2 Ng4+ 31. Kg3 h5 $2 (31... Nf6 $16) 32. Qe8+ Kg7 33. h3 Nf6 34. Qe5 Qb4 35. Qa1 $2 (35. b6 $1 $18 {[%cal Rb6a7]} axb6 36. a6) 35... Qxc4 $14 36. b6 $1 {[%cal Rb6b7]} Qa6 37. Qb2 axb6 38. axb6 Qb7 39. Nd2 $1 {[%mdl 1024] aiming for Kh2. White has strong compensation.} g5 (39... Qb8+ $14 40. Kf3 g5) 40. Kh2 $1 $16 g4 41. h4 Qb8+ 42. g3 Qb7 $2 {[#]} (42... Kg6 $16 43. Qc2+ Kg7) 43. Nc4 $2 (43. Ne4 $1 {[%mdl 512]} Qxe4 44. b7) 43... Kg6 $18 {Black hopes to continue with ...Nd7.} 44. Qc2+ (44. Qd2 $1 $18 {[%cal Rd2g5]} Kh7 45. Qf2) 44... Kg7 $16 45. Qf5 $1 {[%cal Rf5g5]} Nd7 46. Nd6 Qf3 47. Qxf3 $1 gxf3 {[%mdl 4096] Endgame KN-KN} 48. b7 Nb8 $2 {[%mdl 8192]} (48... Kf8 $16 {is a better chance.}) 49. Kg1 $18 Kf8 (49... Kf6 $142 50. Ne4+ Ke5 51. Nxc5 Kd4) 50. Kf2 Ke7 51. Ne4 c4 52. Kxf3 Kd7 53. Ke3 $2 (53. g4 $18 {and the rest is easy.}) 53... Kc6 $2 {[%mdl 8192] [#]} (53... Kc7 $16 {lives longer.}) 54. Kd4 $2 (54. g4 $1 $18 {[%cal Rg4h5][%mdl 512]} Kc7 (54... hxg4 55. h5) 55. gxh5) 54... Kxb7 $16 55. Nf6 (55. Nd6+ $16 Kc6 56. Nxc4 (56. Nxf7 c3 $16)) 55... Kc6 $11 {The position is equal.} 56. Nxh5 Kd6 $1 57. Kxc4 {With the idea Kd4.} Ke5 58. Kd3 Kf5 59. Ke3 {Threatens to win with Kf3.} Kg4 60. Nf6+ Kxg3 61. h5 Nc6 $1 62. h6 Ne7 63. h7 Ng6 64. Nd7 Kh4 65. Nf8 {Intending Nxg6+ and mate.} Nh8 66. Kf4 Kh5 67. Kf5 f6 $1 68. Ke6 {Kf5 is the strong threat.} Kg5 69. Ke7 f5 70. Kd6 {Precision: White = 52%, Black = 41%.} 1/2-1/2

[Event "ROU-ch Men 2018"]
[Site "Olanesti"]
[Date "2018.05.18"]
[Round "5"]
[White "Manea, Alexandru"]
[Black "Pribeanu, Mihail-Dacian"]
[Result "1-0"]
[WhiteElo "2402"]
[BlackElo "2119"]
[Annotator "ChessBase"]
[PlyCount "41"]
[EventDate "2018.??.??"]
[EventType "swiss"]
[EventCountry "ROU"]
[SourceTitle "playchess.com"]
[Source "ChessBase"]
[SourceQuality "1"]
[TimeControl "40/5400+30:1800+30"]

1. e4 {[%emt 0:00:00]} d6 {[%emt 0:00:00]} 2. d4 {[%emt 0:00:00]} g6 {[%emt 0:00:00]} 3. h4 {[%emt 0:00:00]} Bg7 {[%emt 0:00:00]} 4. h5 {[%emt 0:00:00]} e5 {[%emt 0:00:26]} 5. d5 {[%emt 0:00:06]} Ne7 {[%emt 0:00:16]} 6. Nc3 {[%emt 0:00:27]} O-O {[%emt 0:00:18]} 7. Be3 {[%emt 0:00:38]} c6 8. Qd2 {[%emt 0:00:33]} cxd5 {[%emt 0:00:43]} 9. Bh6 {[%emt 0:00:51]} dxe4 {[%emt 0:00:24]} 10. Bxg7 {[%emt 0:00:33]} Kxg7 11. hxg6 {[%emt 0:00:19]} fxg6 {[%emt 0:01:04]} 12. Qh6+ {[%emt 0:00:08]} Kf7 {[%emt 0:00:27]} 13. Qxh7+ {[%emt 0:00:28]} Ke6 {[%emt 0:00:21]} 14. Nxe4 {[%emt 0:01:21]} d5 {[%emt 0:00:18]} 15. O-O-O {[%emt 0:01:36]} Nbc6 {[%emt 0:00:37]} 16. g3 {[%emt 0:00:30]} Qe8 {[%emt 0:00:11]} 17. Bh3+ {[%emt 0:01:48]} Nf5 {[%emt 0:00:09]} 18. Nf3 {[%emt 0:02:02]} dxe4 {[%emt 0:00:14]} 19. Ng5+ {[%emt 0:01:52]} Kf6 20. Nxe4+ {[%emt 0:00:10]} Ke6 {[%emt 0:00:41]} 21. Rd6# {Kd5} 1-0

[Event "ROU-ch Men 2018"]
[Site "Olanesti"]
[Date "2018.05.18"]
[Round "5"]
[White "Stanciu, Alexandru-Ovidiu"]
[Black "Farcadi, Hunor"]
[Result "1-0"]
[WhiteElo "2363"]
[BlackElo "1959"]
[Annotator "NA"]
[PlyCount "61"]
[EventDate "2018.??.??"]
[EventType "swiss"]
[EventCountry "ROU"]
[SourceTitle "playchess.com"]
[Source "ChessBase"]
[SourceQuality "1"]
[TimeControl "40/5400+30:1800+30"]

1. g3 {[%emt 0:00:00]} d5 {[%emt 0:04:52]} 2. Bg2 {[%emt 0:00:46]} Nf6 {[%emt 0:00:14]} 3. c4 {[%emt 0:00:10]} c6 {[%emt 0:00:07]} 4. Nf3 {[%emt 0:00:33]} Bf5 {[%emt 0:03:33]} 5. d4 {[%emt 0:04:47]} e6 {[%emt 0:02:03]} 6. Nc3 {[%emt 0:00:42]} Be7 {[%emt 0:06:02]} 7. O-O {[%emt 0:03:46]} O-O {[%emt 0:00:40]} 8. b3 {[%emt 0:00:13]} Nbd7 {[%emt 0:04:20]} 9. Bb2 {[%emt 0:00:38]} a6 {[%emt 0:04:11]} 10. Nd2 {[%emt 0:04:33]} b5 {[%emt 0:06:18]} 11. e4 {[%emt 0:01:25]} dxe4 $11 {[%emt 0:00:57]} 12. Qe2 {[%emt 0:08:25]} Qb6 {[%emt 0:05:38]} 13. Ncxe4 {[%emt 0:25:16]} Rac8 {[%emt 0:05:32]} 14. c5 {[%emt 0:14:26]} Qc7 {[%emt 0:01:32]} 15. f3 {[%emt 0:00:40]} Rcd8 {[%emt 0:12:11]} 16. Rac1 {[%emt 0:02:32]} Rfe8 {[%emt 0:06:58]} 17. g4 {[%emt 0:03:25]} Bxe4 {[%emt 0:08:45]} 18. fxe4 {[%emt 0:00:45]} e5 {[%emt 0:00:33]} 19. g5 {[%emt 0:00:42]} exd4 {[%emt 0:02:09]} 20. Bxd4 {[%emt 0:16:46]} Ne5 {[%emt 0:09:02]} 21. Bxe5 {[%emt 0:00:59]} Qxe5 {[%emt 0:00:16]} 22. gxf6 {[%emt 0:00:22]} Bxf6 {[%emt 0:01:14]} 23. Nf3 {[%emt 0:01:21]} Qxe4 {[%emt 0:01:13]} 24. Qxe4 {[%emt 0:00:05]} Rxe4 {[%emt 0:00:05]} 25. Rfe1 {[%emt 0:00:51]} Rf4 {[%emt 0:03:15]} 26. Rcd1 {[%emt 0:04:03]} Rc8 {[%emt 0:00:32]} 27. Bh3 {[%emt 0:02:13]} Rf8 {[%emt 0:00:46]} 28. Kg2 {[%emt 0:00:06]} g5 {[%emt 0:00:29]} 29. Bd7 {[%emt 0:00:04]} g4 {[%emt 0:00:54]} 30. Ne5 {[%emt 0:00:16]} Bh4 {[%emt 0:03:53]} 31. Re2 {[%emt 0:00:49]} 1-0

[Event "ROU-ch Men 2018"]
[Site "Olanesti"]
[Date "2018.05.18"]
[Round "5"]
[White "Ileana, George"]
[Black "Dobre, Claudiu-Cristian"]
[Result "1-0"]
[WhiteElo "2325"]
[BlackElo "2393"]
[Annotator "NA"]
[PlyCount "99"]
[EventDate "2018.??.??"]
[EventType "swiss"]
[EventCountry "ROU"]
[SourceTitle "playchess.com"]
[Source "ChessBase"]
[SourceQuality "1"]
[TimeControl "40/5400+30:1800+30"]

1. Nf3 {[%emt 0:00:00]} d5 {[%emt 0:00:29]} 2. c4 {[%emt 0:00:00]} c6 {[%emt 0:00:16]} 3. e3 {[%emt 0:00:00]} Nf6 {[%emt 0:00:39]} 4. Nc3 {[%emt 0:00:00]} e6 {[%emt 0:00:22]} 5. b3 {[%emt 0:00:25]} Nbd7 {[%emt 0:00:51]} 6. Qc2 {[%emt 0:02:03]} Bd6 {[%emt 0:01:06]} 7. Bb2 {[%emt 0:00:34]} Qe7 {[%emt 0:02:15]} 8. Be2 {[%emt 0:01:18]} O-O {[%emt 0:15:10]} 9. d4 {[%emt 0:00:07]} b6 {[%emt 0:18:05]} 10. O-O {[%emt 0:01:17]} Bb7 $11 {[%emt 0:02:48]} 11. Rad1 {[%emt 0:00:58]} Rad8 {[%emt 0:14:43]} 12. e4 {[%emt 0:04:18]} Nxe4 {[%emt 0:00:08]} 13. Nxe4 {[%emt 0:00:06]} dxe4 {[%emt 0:00:03]} 14. Qxe4 {[%emt 0:00:08]} f5 {[%emt 0:00:03]} 15. Qe3 {[%emt 0:15:07]} c5 {[%emt 0:00:13]} 16. Qg5 {[%emt 0:14:12]} Nf6 {[%emt 0:05:24]} 17. Ne5 {[%emt 0:03:34]} cxd4 {[%emt 0:16:44]} 18. Bxd4 {[%emt 0:00:38]} Qc7 {[%emt 0:01:40]} 19. Qe3 {[%emt 0:00:42]} Ne4 {[%emt 0:00:53]} 20. f4 {[%emt 0:01:15]} Be7 {[%emt 0:03:05]} 21. Kh1 {[%emt 0:00:10]} Bc5 {[%emt 0:03:26]} 22. Bxc5 {[%emt 0:01:33]} Qxc5 {[%emt 0:00:06]} 23. Qxc5 {[%emt 0:00:10]} Nxc5 {[%emt 0:06:42]} 24. Bf3 {[%emt 0:00:14]} Bxf3 {[%emt 0:00:28]} 25. gxf3 {[%emt 0:00:09]} a5 {[%emt 0:00:54]} 26. Kg2 {[%emt 0:00:26]} Rb8 {[%emt 0:04:42]} 27. Rd6 {[%emt 0:03:59]} Rfd8 {[%emt 0:00:32]} 28. Rfd1 {[%emt 0:01:38]} Rxd6 {[%emt 0:00:20]} 29. Rxd6 {[%emt 0:00:09]} Kf8 {[%emt 0:00:40]} 30. Rc6 {[%emt 0:01:05]} Rb7 {[%emt 0:01:06]} 31. Kf2 {[%emt 0:02:43]} Ke7 {[%emt 0:00:16]} 32. Ke3 {[%emt 0:00:29]} Nd7 {[%emt 0:01:18]} 33. a3 {[%emt 0:04:23]} g5 {[%emt 0:00:30]} 34. b4 {[%emt 0:03:06]} axb4 {[%emt 0:00:25]} 35. axb4 {[%emt 0:00:06]} b5 {[%emt 0:01:02]} 36. c5 {[%emt 0:00:49]} Nf6 {[%emt 0:00:23]} 37. fxg5 {[%emt 0:01:40]} Nd5+ {[%emt 0:00:14]} 38. Kd4 {[%emt 0:01:13]} Ra7 {[%emt 0:00:52]} 39. Rc8 {[%emt 0:03:22]} Ra2 {[%emt 0:00:19]} 40. c6 {[%emt 0:00:00]} Rc2 {[%emt 0:00:42]} 41. Rh8 {[%emt 0:03:26]} Kd6 {[%emt 0:04:14]} 42. Rd8+ {[%emt 0:00:51]} Kc7 {[%emt 0:00:04]} 43. Rd7+ {[%emt 0:00:14]} Kb6 {[%emt 0:00:19]} 44. Rb7+ {[%emt 0:00:21]} Ka6 {[%emt 0:00:04]} 45. Rxh7 {[%emt 0:00:22]} Rd2+ {[%emt 0:02:39]} 46. Nd3 {[%emt 0:01:29]} Nxb4 {[%emt 0:05:24]} 47. Kc3 {[%emt 0:00:22]} Rxd3+ {[%emt 0:00:24]} 48. Kxb4 {[%emt 0:00:06]} Kb6 {[%emt 0:06:45]} 49. c7 {[%emt 0:01:01]} Kb7 {[%emt 0:00:10]} 50. g6 {[%emt 0:00:10]} 1-0

[Event "ROU-ch Men 2018"]
[Site "Olanesti"]
[Date "2018.05.18"]
[Round "5"]
[White "Posedaru, Bogdan"]
[Black "Gavrilescu, David"]
[Result "1/2-1/2"]
[WhiteElo "2307"]
[BlackElo "2442"]
[Annotator "TA"]
[PlyCount "29"]
[EventDate "2018.??.??"]
[EventType "swiss"]
[EventCountry "ROU"]
[SourceTitle "playchess.com"]
[Source "ChessBase"]
[SourceQuality "1"]

{[%evp 14,29,0,0,20,15,18,23,37,35,47,50,34,32,52,49,40,33]} 1. d4 d5 2. c4 e6 3. Nc3 Bb4 4. Qa4+ Nc6 5. e3 Nf6 6. a3 {E40: Nimzoindisch (Rubinstein-System)} Bxc3+ 7. bxc3 O-O 8. Nf3 {LiveBook: 27 Partien. Die Stellung ist ausgeglichen.} Ne7 $146 ({Vorgänger:} 8... Bd7 9. Qc2 Na5 10. cxd5 exd5 11. Bd3 Re8 12. O-O c5 13. dxc5 Rc8 14. a4 Rxc5 {1-0 (39) Yu,Y (2751)-Harikrishna,P (2744) Huaian 2017}) 9. Bd3 c5 10. O-O Qc7 11. cxd5 {Weiß steht etwas besser.} exd5 12. dxc5 Qxc5 13. c4 {[%cal Bc3c4,Bc4d5][%mdl 32]} Bf5 14. Bxf5 Nxf5 15. cxd5 $1 1/2-1/2

[Event "ROU-ch Men 2018"]
[Site "Olanesti"]
[Date "2018.05.18"]
[Round "5"]
[White "Pop, Alexandru"]
[Black "Neagu, Liviu"]
[Result "1-0"]
[WhiteElo "2302"]
[BlackElo "2025"]
[Annotator "NA"]
[PlyCount "82"]
[EventDate "2018.??.??"]
[EventType "swiss"]
[EventCountry "ROU"]
[SourceTitle "playchess.com"]
[Source "ChessBase"]
[SourceQuality "1"]
[TimeControl "40/5400+30:1800+30"]

1. e4 {[%emt 0:00:00]} c5 {[%emt 0:04:36]} 2. Nf3 {[%emt 0:00:00]} Nc6 {[%emt 0:00:15]} 3. Bb5 {[%emt 0:00:00]} g6 {[%emt 0:00:25]} 4. Bxc6 {[%emt 0:00:00]} bxc6 {[%emt 0:00:45]} 5. O-O {[%emt 0:00:09]} Nf6 {[%emt 0:05:40]} 6. Re1 {[%emt 0:00:07]} Bg7 {[%emt 0:00:38]} 7. e5 {[%emt 0:03:12]} Nd5 {[%emt 0:00:03]} 8. c4 {[%emt 0:01:36]} Nc7 {[%emt 0:00:09]} 9. d4 {[%emt 0:00:51]} cxd4 {[%emt 0:00:02]} 10. Qxd4 {[%emt 0:00:11]} Ne6 {[%emt 0:11:58]} 11. Qh4 {[%emt 0:00:25]} d5 {[%emt 0:05:37]} 12. exd6 {[%emt 0:00:43]} exd6 {[%emt 0:01:45]} 13. Bg5 {[%emt 0:00:11]} Qa5 {[%emt 0:02:18]} (13... f6 $14 14. Bh6 O-O 15. Bxg7 Nxg7) 14. Nc3 {[%emt 0:04:10]} O-O {[%emt 0:03:39]} 15. Be7 {[%emt 0:02:46]} d5 $18 {[%emt 0:06:28]} (15... Bxc3 $16 {keeps fighting.} 16. bxc3 Re8) 16. cxd5 {[%emt 0:01:30]} cxd5 {[%emt 0:00:16]} 17. Bb4 {[%emt 0:01:01]} Qd8 {[%emt 0:02:14]} 18. Bxf8 {[%emt 0:00:20]} Qxh4 {[%emt 0:03:31]} 19. Nxh4 {[%emt 0:00:07]} Kxf8 {[%emt 0:00:53]} 20. Nxd5 {[%emt 0:00:41]} Bxb2 {[%emt 0:00:57]} 21. Rab1 {[%emt 0:00:08]} Bg7 {[%emt 0:04:15]} 22. Nf3 {[%emt 0:00:16]} Ba6 {[%emt 0:02:37]} 23. Ne5 {[%emt 0:10:25]} Rd8 {[%emt 0:02:18]} 24. Nb4 {[%emt 0:00:24]} Bxe5 {[%emt 0:03:43]} 25. Nxa6 {[%emt 0:04:33]} Bd4 {[%emt 0:04:51]} 26. Rb8 {[%emt 0:00:45]} Rxb8 {[%emt 0:01:49]} 27. Nxb8 {[%emt 0:00:06]} Kg7 {[%emt 0:02:32]} 28. Nc6 {[%emt 0:00:13]} Bc5 {[%emt 0:00:17]} 29. Rd1 {[%emt 0:00:56]} Nf8 {[%emt 0:05:20]} 30. Rd8 {[%emt 0:00:16]} Ne6 {[%emt 0:05:06]} 31. Rd7 {[%emt 0:05:50]} Ng5 {[%emt 0:00:36]} 32. Nxa7 {[%emt 0:01:50]} Ne4 {[%emt 0:00:49]} 33. Kf1 {[%emt 0:01:14]} Nxf2 {[%emt 0:01:05]} 34. a4 {[%emt 0:00:45]} Kf6 {[%emt 0:02:37]} 35. Nb5 {[%emt 0:00:24]} Ke6 {[%emt 0:00:41]} 36. Rc7 {[%emt 0:00:20]} Ne4 {[%emt 0:00:09]} 37. a5 {[%emt 0:00:20]} Kd5 {[%emt 0:03:24]} 38. a6 {[%emt 0:00:41]} Bb6 {[%emt 0:00:22]} 39. a7 {[%emt 0:00:22]} Bxa7 {[%emt 0:00:31]} 40. Rxa7 {[%emt 0:00:00]} Ke6 {[%emt 0:00:32]} 41. Nd4+ {[%emt 0:00:25]} Kd5 1-0